Dr. Dobson answers your questions about marriage and sexuality. (Record no. 14619)

000 -LEADER
fixed length control field 00623nam a2200205 a 4500
001 - CONTROL NUMBER
control field :::00012451$&:&@@
003 - CONTROL NUMBER IDENTIFIER
control field OkBaRHE
005 - DATE AND TIME OF LATEST TRANSACTION
control field 20000607103419.0
008 - FIXED-LENGTH DATA ELEMENTS--GENERAL INFORMATION
fixed length control field s1986 j 000 0 eng u
020 ## - INTERNATIONAL STANDARD BOOK NUMBER
International Standard Book Number 0842306528
040 ## - CATALOGING SOURCE
Transcribing agency
100 1# - MAIN ENTRY--PERSONAL NAME
Personal name Dobson, James C., 1936-
245 10 - TITLE STATEMENT
Title Dr. Dobson answers your questions about marriage and sexuality.
260 ## - PUBLICATION, DISTRIBUTION, ETC. (IMPRINT)
Place of publication, distribution, etc Wheaton, IL. :
Name of publisher, distributor, etc Tyndale House Publishers
Date of publication, distribution, etc 1986
300 ## - PHYSICAL DESCRIPTION
Extent 148 p. ;
Dimensions 24 cm.
650 ## - SUBJECT ADDED ENTRY--TOPICAL TERM
Topical term or geographic name as entry element Marriage
650 ## - SUBJECT ADDED ENTRY--TOPICAL TERM
Topical term or geographic name as entry element Sex
942 ## - ADDED ENTRY ELEMENTS (KOHA)
Source of classification or shelving scheme
Koha item type Books
Copies
Price effective from Date acquired Barcode Damaged status Lost status Not for loan Full call number Copy number Date last seen Shelving location Permanent Location Source of classification or shelving scheme Koha item type Withdrawn status
2010-04-142010-04-1412451   HQ 734 .D58312010-04-14General StacksRHEMA Bible Training College Books